Joint production committees in Great Britain. (Record no. 36421)

MARC details
000 -LEADER
fixed length control field 00963cam a22002531 4500
001 - CONTROL NUMBER
control field l 43000050
003 - CONTROL NUMBER IDENTIFIER
control field DLC
005 - DATE AND TIME OF LATEST TRANSACTION
control field 20260227111538.0
008 - FIXED-LENGTH DATA ELEMENTS--GENERAL INFORMATION
fixed length control field 781103s1943 quca 000 0 eng c
010 ## - LIBRARY OF CONGRESS CONTROL NUMBER
LC control number l 43000050
035 ## - SYSTEM CONTROL NUMBER
System control number (OCoLC)4344328
040 ## - CATALOGING SOURCE
Original cataloging agency U.S. Dept. of Labor
Transcribing agency CoDU
Modifying agency OCoLC
-- DLC
042 ## - AUTHENTICATION CODE
Authentication code premarc
050 00 - LIBRARY OF CONGRESS CALL NUMBER
Classification number HD4813
Item number .I4 ser. A, no. 42
110 2# - MAIN ENTRY--CORPORATE NAME
Corporate name or jurisdiction name as entry element International Labour Office
245 10 - TITLE STATEMENT
Title Joint production committees in Great Britain.
260 ## - PUBLICATION, DISTRIBUTION, ETC.
Place of publication, distribution, etc. Montreal,
Name of publisher, distributor, etc. International labour office,
Date of publication, distribution, etc. 1943.
300 ## - PHYSICAL DESCRIPTION
Extent 1 p. l. iv, 74 p.
Other physical details fold. diagr.
Dimensions 23 cm.
490 1# - SERIES STATEMENT
Series statement Its Studies and reports, Series A (Industrial relations)
Volume/sequential designation no. 42
500 ## - GENERAL NOTE
General note At head of title: International labour office ...
650 #0 - SUBJECT ADDED ENTRY--TOPICAL TERM
Topical term or geographic name entry element World War, 1939-1945
General subdivision Economic aspects
Geographic subdivision Great Britain.
650 #0 - SUBJECT ADDED ENTRY--TOPICAL TERM
Topical term or geographic name entry element Management
General subdivision Employee participation.
810 2# - SERIES ADDED ENTRY--CORPORATE NAME
Corporate name or jurisdiction name as entry element International Labour Office.
Title of a work Studies and reports, Series A (Industrial relations)
Volume/sequential designation no. 42.

No items available.

Powered by Koha